[Event "Barcelona Sant Marti op-B 25th"]
[Site "Barcelona"]
[Date "2025.07.21"]
[Round "9"]
[White "Martinez Hernandez, Emili"]
[Black "Berrozpe Gonzalez, Marc"]
[Result "0-1"]
[WhiteElo "1705"]
[BlackElo "1925"]
[PlyCount "56"]
[EventDate "2025.07.13"]
[EventType "swiss"]
[EventRounds "9"]
[EventCountry "ESP"]
[SourceTitle "CB30_2025"]
[SourceDate "2025.07.23"]
[SourceVersion "1"]
[SourceVersionDate "2025.07.23"]
[SourceQuality "1"]

1. Nf3 Nf6 2. d4 e6 3. g3 d5 4. Bg2 Be7 5. 0-0 0-0 6. a4 a5 7. Na3 b6 8. c3 Nbd7 9. Bf4 Bb7 10. Nb5 c6 11. Na3 Rc8 12. Nc2 c5 13. Na3 Bc6 14. dxc5 bxc5 15. Nd2 c4 16. Nc2 Qb6 17. Be3 Bc5 18. Bxc5 Nxc5 19. Nd4 Bxa4 20. Qc1 Rb8 21. Ra2 Bd7 22. Qa1 a4 23. e4 Nd3 24. exd5 exd5 25. N2f3 Rfe8 26. Rb1 Ne4 27. Bf1 Nxc3 28. Bxd3 cxd3 0-1

[Event "Barcelona Sant Marti op-B 25th"]
[Site "Barcelona"]
[Date "2025.07.19"]
[Round "7"]
[White "Martinez Hernandez, Emili"]
[Black "Arellan Zavala, Marc"]
[Result "1-0"]
[WhiteElo "1705"]
[BlackElo "1822"]
[PlyCount "33"]
[EventDate "2025.07.13"]
[EventType "swiss"]
[EventRounds "9"]
[EventCountry "ESP"]
[SourceTitle "CB30_2025"]
[SourceDate "2025.07.23"]
[SourceVersion "1"]
[SourceVersionDate "2025.07.23"]
[SourceQuality "1"]

1. e4 e5 2. d4 exd4 3. f4 Nc6 4. Nf3 Bc5 5. Bd3 h6 6. 0-0 d6 7. a3 a5 8. Nbd2 Nge7 9. Kh1 0-0 10. f5 d5 11. f6 Ng6 12. fxg7 Kxg7 13. exd5 Qxd5 14. Bc4 Qd8 15. Ne4 Bb6 16. Ng3 Be6 17. Nh5+ 1-0

[Event "Barcelona Sant Marti op-B 25th"]
[Site "Barcelona"]
[Date "2025.07.14"]
[Round "2"]
[White "Martinez Hernandez, Emili"]
[Black "Lopez Valencia, Biel"]
[Result "1-0"]
[WhiteElo "1705"]
[BlackElo "1450"]
[PlyCount "51"]
[EventDate "2025.07.13"]
[EventType "swiss"]
[EventRounds "9"]
[EventCountry "ESP"]
[SourceTitle "CB30_2025"]
[SourceDate "2025.07.23"]
[SourceVersion "1"]
[SourceVersionDate "2025.07.23"]
[SourceQuality "1"]

1. d4 d5 2. Nc3 Nf6 3. Bg5 h6 4. Bxf6 gxf6 5. e4 e6 6. exd5 exd5 7. Bd3 Nc6 8. Nge2 Rg8 9. 0-0 Qd6 10. Nb5 Qd7 11. Ng3 Be7 12. Bf5 Qd8 13. Bxc8 Qxc8 14. Qd3 Qd7 15. a3 0-0-0 16. Qf5 Rg5 17. Qxd7+ Kxd7 18. f4 Rg6 19. Rad1 Rdg8 20. Rf2 a6 21. Nc3 Bd6 22. Nxd5 Ne7 23. f5 Bxg3 24. hxg3 Nxf5 25. Rxf5 Kc8 26. Ne7+ 1-0

[Event "Barcelona Sant Marti op-B 24th"]
[Site "Barcelona"]
[Date "2024.07.17"]
[Round "5"]
[White "Vigier Lopez, Carlos"]
[Black "Martinez Hernandez, Emili"]
[Result "0-1"]
[WhiteElo "1846"]
[BlackElo "1716"]
[PlyCount "101"]
[EventDate "2024.07.13"]
[EventType "swiss"]
[EventRounds "9"]
[EventCountry "ESP"]
[SourceTitle "EXT 2025"]
[Source "ChessBase"]
[SourceDate "2024.10.14"]
[SourceVersion "1"]
[SourceVersionDate "2024.10.14"]
[SourceQuality "1"]

1. e4 Nf6 2. Nc3 d5 3. exd5 Nxd5 4. Qf3 Nxc3 5. dxc3 Nc6 6. Bb5 Bd7 7. Bf4 a6 8. Ba4 Na5 9. 0-0-0 b5 10. Bb3 Nxb3+ 11. cxb3 Qc8 12. Rxd7 Kxd7 13. Qd5+ Ke8 14. Qc6+ Kd8 15. Nf3 e6 16. Rd1+ Bd6 17. Bxd6 cxd6 18. Qxd6+ Ke8 19. Ne5 Ra7 20. Kb1 Rc7 21. f4 f6 22. Nf3 Rd7 23. Qxe6+ Kd8 24. Nd4 Re8 25. Qb6+ Ke7 26. Nf5+ Kf8 27. Nd6 Qd8 28. Qc5 Ree7 29. Rd4 Qc7 30. Qd5 Rd8 31. c4 Re1+ 32. Kc2 bxc4 33. bxc4 Re2+ 34. Kc3 Re7 35. b4 Red7 36. Qc5 Qxc5 37. bxc5 Rc7 38. Kb4 Rb8+ 39. Kc3 Rxc5 40. Re4 Rc6 41. Nf5 Rc5 42. Nd4 Ra5 43. Re2 Rc8 44. Kb4 Rh5 45. g4 a5+ 46. Kc3 Rh3+ 47. Kb2 Rxc4 48. Nf5 Rxf4 49. Nd6 Rb4+ 50. Kc2 Rb8 51. Kc1 0-1

[Event "Barcelona Sant Marti op-B 24th"]
[Site "Barcelona"]
[Date "2024.07.14"]
[Round "2"]
[White "Martinez Hernandez, Emili"]
[Black "Sanchez Hernandez, Alex"]
[Result "1-0"]
[WhiteElo "1716"]
[BlackElo "1557"]
[PlyCount "41"]
[EventDate "2024.07.13"]
[EventType "swiss"]
[EventRounds "9"]
[EventCountry "ESP"]
[SourceTitle "EXT 2025"]
[Source "ChessBase"]
[SourceDate "2024.10.14"]
[SourceVersion "1"]
[SourceVersionDate "2024.10.14"]
[SourceQuality "1"]

1. Nf3 Nf6 2. d4 g6 3. Nc3 Bg7 4. Bf4 0-0 5. e4 d6 6. Be2 c5 7. dxc5 dxc5 8. Qxd8 Rxd8 9. 0-0 Nbd7 10. Rad1 Re8 11. Nb5 Nh5 12. Bc1 Rf8 13. Ng5 e5 14. Nc7 Rb8 15. Nd5 Nhf6 16. Ne7+ Kh8 17. Bc4 h6 18. Nxf7+ Kh7 19. Nd6 Nb6 20. Bf7 h5 21. Bxg6+ 1-0

[Event "Barcelona Sant Marti op-B 23rd"]
[Site "Barcelona"]
[Date "2023.07.20"]
[Round "8"]
[White "Richert, Cristian Alejandro"]
[Black "Martinez Hernandez, Emili"]
[Result "0-1"]
[WhiteElo "1795"]
[BlackElo "1594"]
[PlyCount "106"]
[EventDate "2023.07.13"]
[EventType "swiss"]
[EventRounds "9"]
[EventCountry "ESP"]
[SourceTitle "CBM 215 Extra"]
[Source "ChessBase"]
[SourceDate "2023.09.30"]
[SourceVersion "1"]
[SourceVersionDate "2023.09.30"]
[SourceQuality "1"]

1. e4 e6 2. d4 c5 3. Nf3 d5 4. exd5 Qxd5 5. Nc3 Qd8 6. Be3 cxd4 7. Bxd4 Nc6 8. Bb5 Bd7 9. Be3 a6 10. Be2 Bb4 11. a3 Bxc3+ 12. bxc3 Nge7 13. 0-0 Nd5 14. Bd2 Rc8 15. c4 Nf6 16. Rb1 b6 17. Be3 Rb8 18. Bg5 0-0 19. Bxf6 gxf6 20. Qd6 Qe7 21. Qg3+ Kh8 22. Bd3 f5 23. Rfe1 Rg8 24. Qh3 Qf6 25. Rbd1 Rbd8 26. g3 e5 27. Nh4 f4 28. Bf5 Bxf5 29. Nxf5 Qe6 30. Qh6 Rxd1 31. Rxd1 Qxf5 32. Qxc6 f3 33. h3 Qf4 34. Kh2 Qf5 35. Qxb6 Rg6 36. Qb8+ Kg7 37. Rd5 Re6 38. Qb3 Rh6 39. h4 Rxh4+ 40. gxh4 Qg4 41. Qxf3 Qxf3 42. Kg1 Qxa3 43. Kg2 Kf6 44. c5 a5 45. c6 Ke6 46. c4 Qb4 47. c7 Qxc4 48. Rxa5 Qxc7 49. Ra6+ Kf5 50. Rh6 f6 51. Kh3 Qg7 52. Rh5+ Kg6 53. Kg4 Qd7+ 0-1

[Event "Barcelona Sant Marti op-B 23rd"]
[Site "Barcelona"]
[Date "2023.07.16"]
[Round "4"]
[White "Arjona Bereza, Ivan"]
[Black "Martinez Hernandez, Emili"]
[Result "0-1"]
[WhiteElo "1344"]
[BlackElo "1594"]
[PlyCount "42"]
[EventDate "2023.07.13"]
[EventType "swiss"]
[EventRounds "9"]
[EventCountry "ESP"]
[SourceTitle "CBM 215 Extra"]
[Source "ChessBase"]
[SourceDate "2023.09.30"]
[SourceVersion "1"]
[SourceVersionDate "2023.09.30"]
[SourceQuality "1"]

1. d4 Nf6 2. Nf3 d5 3. Bf4 e6 4. e3 Bd6 5. Bd3 Bxf4 6. exf4 Qd6 7. Ne5 Qb4+ 8. Qd2 Qxb2 9. a3 Qxa1 10. Qb4 a5 11. Qb5+ c6 12. Qb6 Nbd7 13. Qb3 Qxd4 14. g3 Nxe5 15. fxe5 Qxe5+ 16. Be2 0-0 17. Nc3 d4 18. Nd1 Nd5 19. Qd3 b6 20. 0-0 Ba6 21. Qd2 Qxe2 0-1

[Event "Barcelona La Lira op 38th"]
[Site "Barcelona"]
[Date "2020.03.06"]
[Round "8"]
[White "Martinez Hernandez, Emili"]
[Black "Fernandez Gonzalez, Jose"]
[Result "1/2-1/2"]
[WhiteElo "1646"]
[BlackElo "1575"]
[PlyCount "92"]
[EventDate "2020.01.17"]
[EventType "swiss"]
[EventRounds "8"]
[EventCountry "ESP"]
[SourceTitle "CBM 195 Extra"]
[Source "ChessBase"]
[SourceDate "2020.05.31"]
[SourceVersion "1"]
[SourceVersionDate "2020.05.31"]
[SourceQuality "1"]

1. d4 Nf6 2. Nf3 d5 3. c4 c6 4. cxd5 cxd5 5. Nc3 Bg4 6. Qb3 b6 7. Ne5 e6 8. Bg5 Bf5 9. Qb5+ Nbd7 10. Bxf6 gxf6 11. Nxd7 Qxd7 12. e3 Bd6 13. Be2 Qxb5 14. Bxb5+ Ke7 15. Kd2 a6 16. Bd3 Bg6 17. Rac1 Rhg8 18. g3 Rgc8 19. a3 b5 20. h4 b4 21. Nb1 a5 22. a4 e5 23. h5 Bxd3 24. Kxd3 Rxc1 25. Rxc1 e4+ 26. Ke2 Kd7 27. Nd2 Rc8 28. Rxc8 Kxc8 29. Nb3 Bc7 30. f4 f5 31. Kf2 Bb6 32. Kg2 h6 33. Kh3 Kd7 34. g4 fxg4+ 35. Kxg4 Ke6 36. f5+ Kf6 37. Nc1 Bc7 38. Ne2 Bd6 39. Nf4 Bxf4 40. Kxf4 b3 41. Kg4 Ke7 42. Kg3 Kd7 43. Kh4 Ke7 44. Kg4 Kd7 45. Kg3 Ke7 46. Kg4 Kd7 1/2-1/2

[Event "Sant Adria de Besos op-B 3rd"]
[Site "Sant Adria de Besos"]
[Date "2019.08.15"]
[Round "2"]
[White "Martinez Hernandez, Emili"]
[Black "Tarrago Domingo, Miguel"]
[Result "1/2-1/2"]
[WhiteElo "1702"]
[BlackElo "1882"]
[PlyCount "33"]
[EventDate "2019.08.14"]
[EventType "swiss"]
[EventRounds "9"]
[EventCountry "ESP"]
[SourceTitle "EXT 2020"]
[Source "ChessBase"]
[SourceDate "2019.10.17"]
[SourceVersion "1"]
[SourceVersionDate "2019.10.17"]
[SourceQuality "1"]

1. d4 d5 2. Nf3 Nf6 3. g3 c6 4. Bg2 Bf5 5. h3 e6 6. Nh4 Bg6 7. Nxg6 hxg6 8. 0-0 c5 9. dxc5 Bxc5 10. c4 Nc6 11. cxd5 Nxd5 12. e3 0-0 13. a3 Rc8 14. Qb3 Nb6 15. Nc3 Qe7 16. Ne4 Rfd8 17. Rd1 1/2-1/2

[Event "Barcelona Sant Marti op-B 19th"]
[Site "Barcelona"]
[Date "2017.07.14"]
[Round "2"]
[White "Martinez Hernandez, Emili"]
[Black "Landsverk, Ida"]
[Result "1-0"]
[WhiteElo "1823"]
[BlackElo "1439"]
[PlyCount "59"]
[EventDate "2017.07.13"]
[EventType "swiss"]
[EventRounds "9"]
[EventCountry "ESP"]
[SourceTitle "EXT 2018"]
[Source "ChessBase"]
[SourceDate "2017.10.13"]
[SourceVersion "1"]
[SourceVersionDate "2017.10.13"]
[SourceQuality "1"]

1. d4 f5 2. Nc3 Nf6 3. Bg5 e6 4. e4 Be7 5. exf5 exf5 6. Bd3 d5 7. Qf3 0-0 8. Bxf6 Bxf6 9. Qxd5+ Qxd5 10. Nxd5 Na6 11. c3 Bd8 12. Nf3 c5 13. Bc4 Kh8 14. 0-0 b6 15. Rfe1 Bb7 16. Ne7 Nc7 17. Ng5 Nd5 18. Nxd5 Bxg5 19. Nc7 cxd4 20. Nxa8 Bxa8 21. cxd4 Bf6 22. Rad1 g6 23. b3 Rd8 24. Re6 Bxd4 25. Rxd4 Rxd4 26. Re8+ Kg7 27. Rxa8 Rd1+ 28. Bf1 a5 29. Rb8 Ra1 30. a4 1-0

[Event "Barcelona Primavera La Lira op 10th"]
[Site "Barcelona"]
[Date "2017.05.25"]
[Round "6"]
[White "Parayre Soguero, Jordi"]
[Black "Martinez Hernandez, Emili"]
[Result "0-1"]
[WhiteElo "1959"]
[BlackElo "1808"]
[PlyCount "106"]
[EventDate "2017.04.20"]
[EventType "swiss"]
[EventRounds "9"]
[EventCountry "ESP"]
[SourceTitle "EXT 2018"]
[Source "ChessBase"]
[SourceDate "2017.10.13"]
[SourceVersion "1"]
[SourceVersionDate "2017.10.13"]
[SourceQuality "1"]

1. d4 Nf6 2. Nf3 g6 3. c4 d5 4. Nc3 Bg7 5. Bf4 c6 6. e3 0-0 7. h3 Qa5 8. Qb3 Ne4 9. Rc1 e6 10. Bd3 Nxc3 11. bxc3 Nd7 12. 0-0 Nf6 13. c5 Nh5 14. Be5 f5 15. Bxg7 Kxg7 16. Ne5 Nf6 17. f3 Qd8 18. g4 Nd7 19. f4 Nxe5 20. fxe5 Qg5 21. Rf4 fxg4 22. h4 Qxh4 23. Rxf8 Qg3+ 24. Kh1 Qh3+ 25. Kg1 Qxe3+ 26. Kg2 Kxf8 27. Rf1+ Kg7 28. Qd1 Qh3+ 29. Kg1 Bd7 30. Qe2 Qg3+ 31. Kh1 Rf8 32. Rxf8 Kxf8 33. Qf1+ Kg8 34. Qf6 Qf3+ 35. Qxf3 gxf3 36. Kh2 Kg7 37. Kg3 Kh6 38. Kxf3 Kg5 39. Bf1 Be8 40. Bh3 Bf7 41. a4 h5 42. a5 a6 43. Bf1 Kh6 44. c4 g5 45. cxd5 exd5 46. Bd3 Be6 47. Kg3 h4+ 48. Kg2 Kh5 49. Be2+ g4 50. Bd3 Kg5 51. Kf2 Kf4 52. Bg6 g3+ 53. Kg2 Ke3 0-1